Modern inventors
| Main Author: | |
|---|---|
| Format: | Book |
| Published: |
New Delhi :
Sura Books (Pvt) Ltd ,
2006
|
| Edition: | Biography series |
| Subjects: |
MARC
| LEADER | 00000cam a2200000 7i4500 | ||
|---|---|---|---|
| 001 | 0000037900 | ||
| 005 | 20131021.0 | ||
| 008 | 131021 | ||
| 020 | |a 8174786368 | ||
| 090 | 0 | 0 | |a 920.0088 |b SRI |
| 100 | 1 | |a Srinivasan, Archana | |
| 245 | 1 | 0 | |a Modern inventors |c by Archana Srinivasan |
| 250 | |a Biography series | ||
| 260 | |a New Delhi : |b Sura Books (Pvt) Ltd , |c 2006 | ||
| 650 | 0 | |a Inventors |x Biographies | |
| 999 | |a 0001243923 |b Book |c Adult Collection |e Perbadanan Perpustakaan Awam Johor | ||